Capability Maturity Model : Guidelines for improving the Software Process (Record no. 33071)
[ view plain ]
| 000 -LEADER | |
|---|---|
| fixed length control field | 00362nam a2200145Ia 4500 |
| 082 ## - DEWEY DECIMAL CLASSIFICATION NUMBER | |
| Classification number | 5.10685 |
| Item number | PAY |
| 100 ## - MAIN ENTRY--PERSONAL NAME | |
| Personal name | Paul/ Mark C |
| 245 ## - TITLE STATEMENT | |
| Title | Capability Maturity Model : Guidelines for improving the Software Process |
| 260 ## - PUBLICATION, DISTRIBUTION, ETC. | |
| Name of publisher, distributor, etc. | Addison Wesly |
| Place of publication, distribution, etc. | New Delhi |
| Date of publication, distribution, etc. | 1995 |
| 490 ## - SERIES STATEMENT | |
| Volume/sequential designation | 37 |
| 546 ## - LANGUAGE NOTE | |
| Language note | ENGLISH |
| 654 ## - SUBJECT ADDED ENTRY--FACETED TOPICAL TERMS | |
| Focus term | COMPUTER |
| 942 ## - ADDED ENTRY ELEMENTS (KOHA) | |
| Koha item type | BOOK |
| Withdrawn status | Lost status | Damaged status | Not for loan | Collection | Home library | Current library | Date acquired | Total Checkouts | Full call number | Barcode | Date last seen | Price effective from | Koha item type |
|---|---|---|---|---|---|---|---|---|---|---|---|---|---|
| CRC | Fr. Agnel's C.Rodrigues College of Engineering | Fr. Agnel's C.Rodrigues College of Engineering | 17/03/2023 | 5.10685 PAY | 11434 | 17/03/2023 | 17/03/2023 | BOOK |